| 000 | 00573nam a2200205Ia 4500 | ||
|---|---|---|---|
| 003 | OSt | ||
| 005 | 20250310105928.0 | ||
| 008 | 210210b1975 xxu||||| |||| 00| 0 eng d | ||
| 040 | _cAL | ||
| 041 | _ahin | ||
| 082 | _aH891.9 LALK | ||
| 100 |
_aLAL (Jayabahadur): _9205310 |
||
| 110 |
_bलाल जयबहादुर _9205311 |
||
| 245 |
_aKabir ka sahaj darshan:: _bकबीर का सहज दर्शन |
||
| 260 |
_aLucknow _bNavayug Granthagar., _c1975 |
||
| 300 | _a163 | ||
| 690 |
_aHindi Criticism _9205316 |
||
| 906 | _aSG00820 | ||
| 942 |
_2ddc _cBK |
||
| 999 |
_c112090 _d112090 |
||